Cơ học máy
Nội dung giáo trình gồm 13 chương: Chương 1: Cấu tạo cơ cấu Chương 2: Phân tích động học cơ cấu Chương 3: Phân tích lực cơ cấu Chương 4: Ma sát Chương 5: Cân bằng máy Chương 6: Chuyển động thực và điều chỉnh chuyển động máy Chương 7: Hi...
Đã lưu trong:
| Hovedforfatter: | |
|---|---|
| Format: | Bog |
| Sprog: | Vietnamese |
| Udgivet: |
TP Hồ Chí Minh.
Đại học quốc gia TP. Hồ Chí Minh
2017
|
| Udgivelse: | Tái bản lần thứ 7 |
| Fag: | |
| Tags: |
Tilføj Tag
Ingen Tags, Vær først til at tagge denne postø!
|
| Thư viện lưu trữ: | Thư viện Trường Đại học Nam Cần Thơ |
|---|
| LEADER | 02120nam a22002537a 4500 | ||
|---|---|---|---|
| 001 | NCT_35937 | ||
| 008 | 180522b xxu||||| |||| 00| 0 vie d | ||
| 999 | |c 1733 |d 1733 | ||
| 020 | |a 9786047355136 |c 37 000 | ||
| 082 | 0 | 4 | |2 23rd ed. |a 620.1 |b L304 |
| 100 | 1 | |a Lại Khắc Diễm | |
| 245 | 1 | 0 | |a Cơ học máy |c Lại Khắc Diễm |
| 250 | |a Tái bản lần thứ 7 | ||
| 260 | |a TP Hồ Chí Minh. |b Đại học quốc gia TP. Hồ Chí Minh |c 2017 | ||
| 300 | |a 246 tr. |b Minh họa |c 24cm | ||
| 520 | 3 | |a Nội dung giáo trình gồm 13 chương: Chương 1: Cấu tạo cơ cấu Chương 2: Phân tích động học cơ cấu Chương 3: Phân tích lực cơ cấu Chương 4: Ma sát Chương 5: Cân bằng máy Chương 6: Chuyển động thực và điều chỉnh chuyển động máy Chương 7: Hiệu suất Chương 8: Cơ cấu phẳng toàn khớp thấp Chương 9: Cơ cấu cam Chương 10: Cơ cấu bánh răng phẳng Chương 11: Cơ cấu bánh răng không gian Chương 12: Hệ thống bánh răng Chương 13: Cơ cấu đặc biệt. | |
| 653 | |a Công nghệ kỹ thuật ô tô | ||
| 942 | |2 ddc |c BK | ||
| 952 | |0 0 |1 0 |2 ddc |4 0 |6 620_100000000000000_L304 |7 0 |9 8374 |a 000001 |b 000001 |d 2018-05-22 |l 1 |o 620.1 L304 |p MD.10658 |r 2019-04-06 |s 2019-04-01 |v 37000.00 |w 2018-05-22 |y BK | ||
| 952 | |0 0 |1 0 |2 ddc |4 0 |6 620_100000000000000_L304 |7 0 |9 8375 |a 000001 |b 000001 |d 2018-05-22 |l 1 |o 620.1 L304 |p MD.10659 |r 2019-03-14 |s 2019-03-01 |v 37000.00 |w 2018-05-22 |y BK | ||
| 952 | |0 0 |1 0 |2 ddc |4 0 |6 620_100000000000000_L304 |7 0 |9 8376 |a 000001 |b 000001 |d 2018-05-22 |o 620.1 L304 |p MD.10660 |r 2018-05-22 |v 37000.00 |w 2018-05-22 |y BK | ||
| 952 | |0 0 |1 0 |2 ddc |4 0 |6 620_100000000000000_L304 |7 0 |9 8377 |a 000001 |b 000001 |d 2018-05-22 |o 620.1 L304 |p MD.10661 |r 2018-05-22 |v 37000.00 |w 2018-05-22 |y BK | ||
| 952 | |0 0 |1 0 |2 ddc |4 0 |6 620_100000000000000_L304 |7 0 |9 8379 |a 000001 |b 000001 |d 2018-05-22 |o 620.1 L304 |p MD.10657 |r 2018-05-22 |v 37000.00 |w 2018-05-22 |y BK | ||
| 980 | |a Thư viện Trường Đại học Nam Cần Thơ | ||


